Πεπραγμένα ΠΑΣΕΓΕΣ : 38η Γενική Συνελεύση, 16-17 Δεκέμβρη 1988

Αποθηκεύτηκε σε:
Λεπτομέρειες βιβλιογραφικής εγγραφής
Συγγραφή απο Οργανισμό/Αρχή: ΠΑΣΕΓΕΣ
Μορφή: Βιβλίο
Γλώσσα:Greek
Δημοσίευση: Αθήνα : 1988
Θέματα:
Ετικέτες: Προσθήκη ετικέτας
Δεν υπάρχουν, Καταχωρήστε ετικέτα πρώτοι!

MARC

LEADER 00000nam a2200000 i 4500
001 1/27170
008 960729s1988 gre d
035 |l 10022808 
040 |a GR-MY-UA  |b gre  |e aacr 
041 0 |a gre 
082 0 |a 334.683 
110 2 |a ΠΑΣΕΓΕΣ. 
245 1 0 |a Πεπραγμένα ΠΑΣΕΓΕΣ :  |b 38η Γενική Συνελεύση, 16-17 Δεκέμβρη 1988 
260 |a Αθήνα :   |c 1988 
300 |a 109 σ. (ποικίλη σελιδαρίθμιση);  |c 29 εκ. 
650 0 0 |a Agriculture, Cooperative  |z Greece. 
852 |a INST  |b CHIOS  |e 19960729  |h 334.683 ΠΑΣ  |p 005200008584  |q 005200008584  |t BK  |y 0 
901 |a BIBL2-1989-2 
909 |a Χ  |b 013437 
920 |a ΠΑΣΕΓΕΣ  |y ΧΙΟΣ  |z 1989-07 
970 |a ΣΠΕΝΤΖΑ  |b ΕΛΕΝΗ  |z 2013/12/10